000 00571nam a2200169Ia 4500
008 090711s9999 xx 000 0 und d
082 _b78293
100 _aदेशपांडे रमाकांत
245 _aिSतांामणि Sारितम्
260 _c1996
300 _a47+35
600 _aदेशपांडे रमाकांत
630 _aिSतांामणि Sारितम्
700 _aदेशपांडे रमाकांत
730 _aिSतांामणि Sारितम्
942 _cBOOK
999 _c318042
_d318042